| 000 | 00685nam a2200241 a 4500 | ||
|---|---|---|---|
| 001 | 74432 | ||
| 003 | BD-RjUL | ||
| 005 | 20211209082542.0 | ||
| 008 | 730130s1964 nyuac b 000 0 eng | ||
| 035 | _a(BD-RjUL)74650 | ||
| 035 | _a(OCoLC)547672 | ||
| 040 |
_aDLC _cODaWU _dOCoLC _dUk _dDLC _beng |
||
| 041 | _aeng | ||
| 082 |
_a576.5 _223 _bGAP 1965 |
||
| 100 | 1 |
_aGardner, Eldon John, _d1909- _9222818 |
|
| 245 | 1 | 0 |
_aPrinciples of genetics / _cEldon John Gardner . |
| 250 | _a2d ed. | ||
| 260 |
_aNew York : _bWiley, _c1964 [printing 1965] |
||
| 300 |
_avii, 386 p. _bill., ports. _c26 cm. |
||
| 504 | _aIncludes bibliographies. | ||
| 650 | 0 |
_aGenetics. _9222819 |
|
| 942 |
_2ddc _cBK |
||
| 999 |
_c74432 _d74432 |
||